<?xml version="1.0" encoding="UTF-8"?>
<record
    xmlns:xsi="http://www.w3.org/2001/XMLSchema-instance"
    xsi:schemaLocation="http://www.loc.gov/MARC21/slim http://www.loc.gov/standards/marcxml/schema/MARC21slim.xsd"
    xmlns="http://www.loc.gov/MARC21/slim">

  <leader>02555cam a22003854a 4500</leader>
  <controlfield tag="001">15739451</controlfield>
  <controlfield tag="003">Nust- CAS-E</controlfield>
  <controlfield tag="005">20180118181356.0</controlfield>
  <controlfield tag="008">090515s2010    flua     b    001 0 eng  </controlfield>
  <datafield tag="010" ind1=" " ind2=" ">
    <subfield code="a">  2009019805</subfield>
  </datafield>
  <datafield tag="015" ind1=" " ind2=" ">
    <subfield code="a">GBA942560</subfield>
    <subfield code="2">bnb</subfield>
  </datafield>
  <datafield tag="016" ind1="7" ind2=" ">
    <subfield code="a">015170606</subfield>
    <subfield code="2">Uk</subfield>
  </datafield>
  <datafield tag="020" ind1=" " ind2=" ">
    <subfield code="a">9781420053074 </subfield>
  </datafield>
  <datafield tag="020" ind1=" " ind2=" ">
    <subfield code="a">1420053078 </subfield>
  </datafield>
  <datafield tag="035" ind1=" " ind2=" ">
    <subfield code="a">(OCoLC)ocn144225431</subfield>
  </datafield>
  <datafield tag="040" ind1=" " ind2=" ">
    <subfield code="a">DLC</subfield>
    <subfield code="c">DLC</subfield>
    <subfield code="d">BTCTA</subfield>
    <subfield code="d">BAKER</subfield>
    <subfield code="d">YDXCP</subfield>
    <subfield code="d">C#P</subfield>
    <subfield code="d">UKM</subfield>
    <subfield code="d">CDX</subfield>
    <subfield code="d">OCLCA</subfield>
    <subfield code="d">OKU</subfield>
    <subfield code="d">DEBBG</subfield>
    <subfield code="d">UNA</subfield>
    <subfield code="d">DLC</subfield>
  </datafield>
  <datafield tag="050" ind1="0" ind2="0">
    <subfield code="a">TK2901</subfield>
    <subfield code="b">.C37 2010</subfield>
  </datafield>
  <datafield tag="082" ind1="0" ind2="0">
    <subfield code="a">621.31242</subfield>
    <subfield code="2">22</subfield>
    <subfield code="b">CAR 2010 </subfield>
  </datafield>
  <datafield tag="245" ind1="0" ind2="0">
    <subfield code="a">Carbons for electrochemical energy storage and conversion systems /</subfield>
    <subfield code="c">edited by Fran&#xFFFD;cois B&#xFFFD;eguin, Elzbieta Frackowiak.</subfield>
  </datafield>
  <datafield tag="260" ind1=" " ind2=" ">
    <subfield code="a">Boca Raton :</subfield>
    <subfield code="b">CRC Press,</subfield>
    <subfield code="c">c2010.</subfield>
  </datafield>
  <datafield tag="300" ind1=" " ind2=" ">
    <subfield code="a">xii, 517 p. :</subfield>
    <subfield code="b">ill. ;</subfield>
    <subfield code="c">27 cm.</subfield>
  </datafield>
  <datafield tag="490" ind1="1" ind2=" ">
    <subfield code="a">Advanced materials and technologies series</subfield>
  </datafield>
  <datafield tag="504" ind1=" " ind2=" ">
    <subfield code="a">Includes bibliographical references and index.</subfield>
  </datafield>
  <datafield tag="505" ind1="0" ind2=" ">
    <subfield code="a">Principles of electrochemistry and electrochemical methods / Jean-Fran&#xFFFD;cois Fauvarque and Patrice Simon -- Structure and texture of carbon materials / Michio Inagaki -- Carbide-derived carbons and templated carbons / Takashi Kyotani, John Chmiola, and Yury Gogotsi -- Porous texture of carbons / Dolores Lozano-Castell&#xFFFD;o ... [et al.] -- Surface chemical and electrochemical properties of carbons / Ljubisa R. Radovic -- Electronic structures of graphite and related materials / Toshiaki Enoki -- Carbon materials in lithium-ion batteries / Petr Nov&#xFFFD;ak, Dietrich Goers, and Michael E. Spahr -- Electrical double-layer capacitors and pseudocapacitors / Fran&#xFFFD;cois B&#xFFFD;eguin, Encarnaci&#xFFFD;on Raymundo-Pi&#xFFFD;nero, and Elzbieta Frackowiak -- Fuel cell systems : which technological breakthrough for industrial development? / Claude Lamy -- Carbon in batteries and energy conversion devices / Ralph J. Brodd -- Industrial production of double-layer capacitors / Roland Gallay and Hamid Gualous -- Advanced battery applications of carbons / Morinobu Endo, Yong Jung Kim, and Ki Chul Park.</subfield>
  </datafield>
  <datafield tag="650" ind1=" " ind2="0">
    <subfield code="a">Electric batteries</subfield>
    <subfield code="x">Materials.</subfield>
  </datafield>
  <datafield tag="650" ind1=" " ind2="0">
    <subfield code="a">Power electronics</subfield>
    <subfield code="x">Materials.</subfield>
  </datafield>
  <datafield tag="650" ind1=" " ind2="0">
    <subfield code="a">Energy storage</subfield>
    <subfield code="x">Materials.</subfield>
  </datafield>
  <datafield tag="650" ind1=" " ind2="0">
    <subfield code="a">Carbon compounds</subfield>
    <subfield code="x">Electric properties.</subfield>
  </datafield>
  <datafield tag="700" ind1="1" ind2=" ">
    <subfield code="a">B&#xFFFD;eguin, Fran&#xFFFD;cois,</subfield>
    <subfield code="d">1945-</subfield>
  </datafield>
  <datafield tag="700" ind1="1" ind2=" ">
    <subfield code="a">Fr&#xFFFD;ackowiak, El&#xFFFD;zbieta.</subfield>
  </datafield>
  <datafield tag="830" ind1=" " ind2="0">
    <subfield code="a">Advanced materials and technologies series.</subfield>
  </datafield>
  <datafield tag="906" ind1=" " ind2=" ">
    <subfield code="a">7</subfield>
    <subfield code="b">cbc</subfield>
    <subfield code="c">orignew</subfield>
    <subfield code="d">1</subfield>
    <subfield code="e">ecip</subfield>
    <subfield code="f">20</subfield>
    <subfield code="g">y-gencatlg</subfield>
  </datafield>
  <datafield tag="942" ind1=" " ind2=" ">
    <subfield code="2">ddc</subfield>
    <subfield code="c">BK</subfield>
  </datafield>
  <datafield tag="999" ind1=" " ind2=" ">
    <subfield code="c">355299</subfield>
    <subfield code="d">355299</subfield>
  </datafield>
  <datafield tag="952" ind1=" " ind2=" ">
    <subfield code="0">0</subfield>
    <subfield code="1">0</subfield>
    <subfield code="2">ddc </subfield>
    <subfield code="4">0</subfield>
    <subfield code="7">0</subfield>
    <subfield code="8">NFIC</subfield>
    <subfield code="a">CAS-E</subfield>
    <subfield code="b">CAS-E</subfield>
    <subfield code="c">GEN</subfield>
    <subfield code="d">2013-04-16</subfield>
    <subfield code="e">Victoria co</subfield>
    <subfield code="l">0</subfield>
    <subfield code="o">621.31242 CAR 2010</subfield>
    <subfield code="p">CAS-E0000174</subfield>
    <subfield code="r">2014-03-06</subfield>
    <subfield code="v">17792.00</subfield>
    <subfield code="w">2014-03-06</subfield>
    <subfield code="y">BK</subfield>
  </datafield>
</record>
